000
00286nam a22001337a 4500
008
181029b xxu||||| |||| 00| 0 eng d
020
_a
0395359546
041
_a
eng
080
_a
941
100
_a
17
101
_a
HIS
245
_a
Portrait of America
_c
Oates, S.B
942
_2
udc
_c
BK
999
_c
51018
_d
51018